Quiz ortograficzny #2 - Statystyki

Ogólne statystyki
  • Ten quiz został rozwiązany 42 razy
  • Średni wynik to 13 z 15
Statystyki odpowiedzi
Zagadnienie Odpowiedź % Poprawnych
Która forma jest poprawna? w dodatku
97%
Która forma jest poprawna? ani się waż
95%
Która forma jest poprawna? dorożka
95%
Która forma jest poprawna? przekląć
95%
Która forma jest poprawna? rozjuszyć
95%
Która forma jest poprawna? cokolwiek
92%
Która forma jest poprawna? haft
92%
Która forma jest poprawna? inicjały
92%
Która forma jest poprawna? Obie formy są poprawne
92%
Która forma jest poprawna? gehenna
85%
Która forma jest poprawna? Obie formy są poprawne
85%
Która forma jest poprawna? de facto
82%
Która forma jest poprawna? na dworze
67%
Która forma jest poprawna? pomarańcza
62%
Która forma jest poprawna? Słowianie
56%
Nie znaleziono quizów pasujących do podanych kryteriów
Rozkład punktacji
Procent ludzi z każdym wynikiem
Percentyl według liczby udzielonych odpowiedzi
Twoja historia wyników
Nie rozwiązałeś tego quizu